[Event "Madrid-chT 1415"]
[Site "Madrid"]
[Date "2015.03.01"]
[Round "12.21"]
[White "Alonso Nieto, Santiago"]
[Black "Fernandez Lledo, Javier"]
[Result "0-1"]
[WhiteElo "2131"]
[BlackElo "2256"]
[PlyCount "54"]
[EventDate "2014.11.23"]
[EventType "team-tourn"]
[EventRounds "14"]
[EventCountry "ESP"]
[SourceTitle "EXT 2016"]
[Source "ChessBase"]
[SourceDate "2015.10.08"]
[SourceVersion "1"]
[SourceVersionDate "2015.10.08"]
[SourceQuality "1"]
[WhiteTeam "Moratalaz"]
[BlackTeam "Pueblo Nuevo"]
[WhiteTeamCountry "ESP"]
[BlackTeamCountry "ESP"]

1. d4 Nf6 2. c4 g6 3. Nc3 Bg7 4. e4 d6 5. f3 0-0 6. Be3 a6 7. Qd2 Nbd7 8. g4 c5 9. Nge2 b5 10. cxb5 axb5 11. Nxb5 Ba6 12. Nec3 Qa5 13. Na3 Rfc8 14. Bxa6 Qxa6 15. Rd1 Rab8 16. g5 Nh5 17. Nd5 Kf8 18. Rf1 e6 19. Nc3 cxd4 20. Bxd4 Bxd4 21. Qxd4 Rxb2 22. Nab5 Nf4 23. Rf2 Ne5 24. Rdd2 Rxb5 25. Nxb5 Rc1+ 26. Rd1 Ned3+ 27. Kd2 Qxa2+ 0-1

[Event "Madrid-chT 1011"]
[Site "Madrid"]
[Date "2011.02.06"]
[Round "9.15"]
[White "Alonso Nieto, Santiago"]
[Black "Fernandez Lledo, Javier"]
[Result "0-1"]
[WhiteElo "2114"]
[BlackElo "2138"]
[PlyCount "78"]
[EventDate "2010.11.21"]
[EventType "team-tourn"]
[EventRounds "14"]
[EventCountry "ESP"]
[SourceTitle "EXT 2012"]
[Source "ChessBase"]
[SourceDate "2011.11.24"]
[SourceVersion "1"]
[SourceVersionDate "2011.11.24"]
[SourceQuality "1"]
[WhiteTeam "Moratalaz"]
[BlackTeam "Pueblo Nuevo"]
[WhiteTeamCountry "ESP"]
[BlackTeamCountry "ESP"]

1. d4 Nf6 2. c4 g6 3. Nc3 Bg7 4. e4 d6 5. f3 0-0 6. Be3 Nc6 7. Nge2 a6 8. Qd2 Rb8 9. Nc1 e5 10. Nb3 exd4 11. Nxd4 Bd7 12. Be2 b5 13. cxb5 Nxd4 14. Bxd4 axb5 15. 0-0 c5 16. Be3 b4 17. Nd1 Qe7 18. Bf4 Ne8 19. Re1 Be6 20. Kh1 Rb6 21. Bg5 Qc7 22. Bh6 Bxh6 23. Qxh6 Ng7 24. Ne3 c4 25. f4 f5 26. Rac1 fxe4 27. Bxc4 Qf7 28. Rf1 d5 29. Bb3 Rb5 30. Qg5 Qd7 31. Ba4 Qa7 32. Bxb5 Qxe3 33. Rc7 Qb6 34. Qe7 Bf7 35. Rb7 Qd4 36. b3 Nf5 37. Qe5 Qd2 38. Rc7 Ne3 39. Rg1 Ng4 0-1